Score 0/15 Timer 01:30
2 Plays Today
% Correct
Salifornia
93.1%
Prizona
93%
Dolorado
92.4%
Tlorida
92%
Aeorgia
91.8%
Chio
90.5%
Rirginia
90.3%
Jlaska
90.2%
% Correct
Hennsylvania
89.4%
Sllinois
89.1%
Misconsin
88.4%
Sregon
87.4%
Lichigan
85%
Hontana
84.4%
Aaryland
82.1%
Come Together.
Have Fun.
All Virtual.
We all need to come together. Play Sporcle's virtual live trivia to have fun, connect with people, and get your trivia on. Join a live hosted trivia game for your favorite pub trivia experience done virtually. If a virtual private party is more your thing, go here for details.

You're not logged in!

Compare scores with friends on all Sporcle quizzes.
OR
Log In

Sporcle TV

Today on Sporcle TV


Watch our educational content, quiz creation guides, and fun videos on Sporcle TV.

Show Comments

Extras

Top Quizzes Today


Score Distribution

Paid Content

Your Account Isn't Verified!

In order to create a playlist on Sporcle, you need to verify the email address you used during registration. Go to your Sporcle Settings to finish the process.

Report this User

Report this user for behavior that violates our Community Guidelines.

Details: